000 01077nam a22003497a 4500
001 BR0402300
003 BR-BrBNA
005 20230928101616.0
007 ta
008 230509b bl.||||| |||| 00| 0 por d
040 _aBR-BrBNA
_bpor
_cBiblioteca Nacional de Agricultura
041 _a(Por)
072 _aK10; F03
_b3000
_b3575
_b3530
090 _ 3000 BR0402300
100 1 _aSeiffert, M.
110 1 _aUniversidade Federal de Lavras, MG (Brasil)
_0Tese (Mestrado)
245 1 _aAlguns aspectos fisiológicos e bioquímicos da germinação de sementes e da foliar de Protium widgrenii Engler
260 3 _aLavras, MG (Brasil):
_c2003.
300 _a81 p.
500 _aSummaries (Eng, Por); Several bibliography; 14 illus.
650 _aÁRVORE FLORESTAL
650 _aSEMENTE
650 _aMUDA
650 _aGERMINAÇÃO
650 _aEMBEBIÇÃO
650 _aCOMPORTAMENTO DE VARIEDADE
650 _aANATOMIA VEGETAL
650 _aANÁLISE ESTATÍSTICA
650 _aMÉTODO ESTATÍSTICO
909 _a202309
_bLucia
_c55
_dLucia Elande
942 _cBK
999 _c66672
_d66672